00854 2200289 4500001002100000005001500021035002000036007000300056008004100059020002200100082001700122084001900139100003600158245008600194250002600280300002500306650002900331264003000360336002100390337003000411338002300441040002200464090002200486850001200508999002200520990002200542INLIS00000000087993520230712124307 a0010-0723000306ta230712s2023 yoi g bind d a978-979-21-7569-104223a922.2598 a922.2598 MAR g0 aMartinus Jogo LelonoePengarang10aGelora hati Mangunwijaya :bpilihan hidup seorang Katolik /cMartinus Jogo Lelono aCetakan Pertama, 2023 a150 halaman ;c19 cm 4aMangunwijaya--xBiografi31aSleman :bKanisius,c2023 2rdacontentateks 2rdamediaatanpa perantara 2rdacarrieravolume aYOPDYOGbinderda aCB-D.11 2023-1220 aYOPDYOG aCB-D.11/2023-1220 aCB-D.11/2023-1220